[Event "Zabrze Region-ch"]
[Site "Zabrze"]
[Date "2010.12.08"]
[Round "5.5"]
[White "Blasiak, Miroslaw"]
[Black "Marini, Jan"]
[Result "0-1"]
[WhiteElo "1955"]
[BlackElo "1929"]
[PlyCount "76"]
[EventDate "2010.12.08"]
[EventType "swiss"]
[EventRounds "9"]
[EventCountry "POL"]
[SourceTitle "EXT 2023"]
[Source "ChessBase"]
[SourceDate "2022.10.05"]
[SourceVersion "1"]
[SourceVersionDate "2022.10.05"]
[SourceQuality "1"]

1. e4 e6 2. d4 d5 3. Nc3 dxe4 4. Nxe4 Nd7 5. Nf3 Ngf6 6. Nxf6+ gxf6 7. Bd3 Bg7 8. Qe2 0-0 9. 0-0 c5 10. c3 cxd4 11. Nxd4 f5 12. Nf3 Nc5 13. Bc2 Qc7 14. Nd4 Bd7 15. Re1 Bc6 16. Nxc6 Qxc6 17. Bf4 Rfd8 18. Rad1 Ne4 19. h3 e5 20. Bh2 f6 21. Qf3 Nd6 22. Rd5 e4 23. Qd1 Nf7 24. Bb3 Rxd5 25. Bxd5 Qd7 26. Qb3 Rd8 27. Be6 Qe7 28. Bxf5 Kh8 29. Rxe4 Qc5 30. g4 Ng5 31. Re3 Qc6 32. c4 Bf8 33. h4 Bc5 34. hxg5 Bxe3 35. fxe3 Rd2 36. e4 Qc5+ 37. Kh1 Qf2 38. Qg3 Rd1+ 0-1

[Event "Zabrze Region-ch"]
[Site "Zabrze"]
[Date "2010.12.08"]
[Round "3.3"]
[White "Gromada, Andrzej"]
[Black "Marini, Jan"]
[Result "1-0"]
[WhiteElo "1927"]
[BlackElo "1929"]
[PlyCount "128"]
[EventDate "2010.12.08"]
[EventType "swiss"]
[EventRounds "9"]
[EventCountry "POL"]
[SourceTitle "EXT 2023"]
[Source "ChessBase"]
[SourceDate "2022.10.05"]
[SourceVersion "1"]
[SourceVersionDate "2022.10.05"]
[SourceQuality "1"]

1. d4 Nf6 2. Nf3 d5 3. c4 e6 4. Nc3 c6 5. e3 Nbd7 6. Bd3 dxc4 7. Bxc4 b5 8. Bd3 Bb7 9. 0-0 a6 10. e4 c5 11. d5 exd5 12. exd5 Nxd5 13. Nxd5 Bxd5 14. Bxb5 axb5 15. Qxd5 Be7 16. Rd1 Ra7 17. Qc6 Qb8 18. Bf4 Qb7 19. Ne5 f6 20. Rxd7 Qxc6 21. Rxe7+ Rxe7 22. Nxc6 Re4 23. Be3 c4 24. Rd1 0-0 25. Rd5 Rc8 26. Na7 Ra8 27. Nxb5 Rxa2 28. g3 Re5 29. Rd8+ Kf7 30. Rb8 Kg6 31. Nd6 Ra4 32. Rc8 Rb4 33. Nxc4 Re4 34. Nd2 Re7 35. b3 Rd7 36. Rc4 Rb8 37. b4 Rdb7 38. Bc5 Kf5 39. Ne4 Ke6 40. Nd6 Rd7 41. Ne4 Rd1+ 42. Kg2 Kd5 43. Nc3+ Kxc4 44. Nxd1 Rd8 45. Ne3+ Kb5 46. Nf5 Rd7 47. Kf3 g6 48. Nd4+ Kc4 49. Ne6 Rd3+ 50. Ke4 Rd5 51. Nf8 Rh5 52. h4 g5 53. hxg5 fxg5 54. Nd7 h6 55. Ne5+ Kb5 56. Nf7 Rh2 57. Kf5 Kc4 58. Kg6 h5 59. Kxg5 Kb5 60. Nd6+ Kc6 61. Nf5 Kb5 62. Nh4 Rh1 63. Kxh5 Kc6 64. Kg4 Rb1 1-0

[Event "Zabrze Region-ch"]
[Site "Zabrze"]
[Date "2010.12.08"]
[Round "2.2"]
[White "Marini, Jan"]
[Black "Janiszewski, Maciej"]
[Result "1/2-1/2"]
[WhiteElo "1929"]
[BlackElo "2045"]
[PlyCount "42"]
[EventDate "2010.12.08"]
[EventType "swiss"]
[EventRounds "9"]
[EventCountry "POL"]
[SourceTitle "EXT 2023"]
[Source "ChessBase"]
[SourceDate "2022.10.05"]
[SourceVersion "1"]
[SourceVersionDate "2022.10.05"]
[SourceQuality "1"]

1. Nf3 g6 2. d4 c5 3. d5 f5 4. c4 Bg7 5. Nc3 Nf6 6. d6 0-0 7. Bf4 e6 8. g3 Nc6 9. Bg2 Ne4 10. Nxe4 fxe4 11. Nd2 Bxb2 12. Rb1 Bg7 13. Nxe4 Qa5+ 14. Qd2 Nb4 15. 0-0 Qxa2 16. Nxc5 a5 17. Qxa2 Nxa2 18. Bxb7 Ra7 19. Bf3 Nc3 20. Ra1 e5 21. Bd2 e4 1/2-1/2

[Event "Pobeskydy ArcelorMittal op"]
[Site "Frydek Mistek"]
[Date "2009.04.09"]
[Round "2"]
[White "Snorek, Milan"]
[Black "Marini, Jan"]
[Result "1-0"]
[WhiteElo "2155"]
[BlackElo "1920"]
[PlyCount "127"]
[EventDate "2009.04.09"]
[EventType "swiss"]
[EventRounds "9"]
[EventCountry "CZE"]
[SourceTitle "CBM 129 Extra"]
[Source "ChessBase"]
[SourceDate "2009.05.05"]
[SourceVersion "2"]
[SourceVersionDate "2009.05.20"]
[SourceQuality "1"]

1. d4 d6 2. Nf3 Nf6 3. c4 g6 4. g3 Bg7 5. Bg2 0-0 6. 0-0 c6 7. Nc3 Bg4 8. h3 Bxf3 9. Bxf3 Nbd7 10. Bg5 e5 11. d5 c5 12. Qd2 Re8 13. e4 a6 14. a4 Qe7 15. a5 Qf8 16. Na4 h6 17. Be3 Kh7 18. b4 Qe7 19. bxc5 Nxc5 20. Bxc5 dxc5 21. d6 Qe6 22. Rac1 Red8 23. Rfd1 Bf8 24. Nxc5 Qxh3 25. Qe3 Rxd6 26. Rxd6 Bxd6 27. Nxb7 Be7 28. c5 Ng4 29. Bxg4 Qxg4 30. Qb3 Kg7 31. Qd5 Qg5 32. Rc3 Rf8 33. Kg2 h5 34. Nd6 h4 35. Rf3 Bxd6 36. cxd6 Qh5 37. gxh4 Qg4+ 38. Rg3 Qf4 39. d7 Qf6 40. Rf3 Qe7 41. Rd3 Rd8 42. Qd6 Kf8 43. Kg3 Qxd6 44. Rxd6 Ke7 45. Rxa6 Rxd7 46. Rb6 Rd3+ 47. Kg4 Rd4 48. Kf3 Rd3+ 49. Kg2 Kd7 50. a6 Ra3 51. f3 Kc7 52. Rf6 Kd8 53. Rxf7 Rxa6 54. Kg3 Ke8 55. Rb7 Rf6 56. Rb5 Re6 57. Kg4 Kf7 58. Kg5 Kg7 59. Rb7+ Kf8 60. Rh7 Kg8 61. Rh6 Kg7 62. h5 Rf6 63. Rxg6+ Rxg6+ 64. hxg6 1-0

[Event "POL-chT3 U19 Slaska"]
[Site "Slask"]
[Date "2007.05.20"]
[Round "11.13"]
[White "Kielar, Maciej"]
[Black "Marini, Jan"]
[Result "1-0"]
[WhiteElo "1940"]
[BlackElo "1934"]
[PlyCount "147"]
[EventDate "2007.01.27"]
[EventType "team-tourn"]
[EventRounds "11"]
[EventCountry "POL"]
[SourceTitle "EXT 2019"]
[Source "ChessBase"]
[SourceDate "2018.10.10"]
[SourceVersion "1"]
[SourceVersionDate "2018.10.10"]
[SourceQuality "1"]
[WhiteTeam "Katowice UKS Palac Mlodziezy U19"]
[BlackTeam "Cieszyn MUKS SZS U19"]
[WhiteTeamCountry "POL"]
[BlackTeamCountry "POL"]

1. e4 e6 2. d4 d5 3. Nd2 Nf6 4. e5 Nfd7 5. f4 c5 6. c3 Nc6 7. Ndf3 Qb6 8. Ne2 c4 9. Qc2 Na5 10. g4 Be7 11. Ng3 0-0 12. h4 f6 13. Bg2 fxe5 14. fxe5 Qa6 15. Bg5 Bxg5 16. Nxg5 g6 17. Nxh7 Kxh7 18. h5 Rg8 19. hxg6+ Kg7 20. Rh7+ Kf8 21. Qf2+ Ke8 22. Qf7+ Kd8 23. Qxg8+ Kc7 24. Qf8 b5 25. Qd6+ Qxd6 26. exd6+ Kxd6 27. g7 Nf6 28. Rh8 Bb7 29. Rxa8 Bxa8 30. Nh5 Ng8 31. Ke2 Nc6 32. Rf1 Nce7 33. Rf8 Bc6 34. Nf6 Nxf6 35. Rxf6 Be8 36. Rf8 Bg6 37. g8Q Bd3+ 38. Kd2 Nxg8 39. Rxg8 a5 40. g5 a4 41. Bh3 e5 42. dxe5+ Kxe5 43. Rb8 Bb1 44. a3 Kf4 45. Rxb5 Bd3 46. g6 Bxg6 47. Rxd5 Be8 48. Rd4+ Kg3 49. Be6 Kf3 50. Bxc4 Kf2 51. Bd3 Bc6 52. Bc2 Kf3 53. Bxa4 Bb7 54. b4 Kf2 55. c4 Kf1 56. c5 Bh1 57. c6 Kf2 58. c7 Bb7 59. Rd8 Kf3 60. c8Q Bxc8 61. Rxc8 Kg4 62. Rd8 Kf3 63. Re8 Kf4 64. Kd3 Kf5 65. Kd4 Kf6 66. Kd5 Kf7 67. Re6 Kf8 68. Ke5 Kf7 69. Kf5 Kf8 70. Kf6 Kg8 71. Re7 Kh8 72. Kg6 Kg8 73. Rf7 Kh8 74. Rf8# 1-0

[Event "Karvina op"]
[Site "Karvina"]
[Date "2006.07.??"]
[Round "5"]
[White "Marini, Jan"]
[Black "Didi, Jan"]
[Result "0-1"]
[WhiteElo "1918"]
[BlackElo "2134"]
[PlyCount "110"]
[EventDate "2006.07.??"]
[EventType "swiss"]
[EventRounds "7"]
[EventCountry "CZE"]
[SourceTitle "EXT 2008"]
[Source "ChessBase"]
[SourceDate "2007.11.25"]
[SourceVersion "1"]
[SourceVersionDate "2007.11.25"]
[SourceQuality "1"]

1. Nf3 Nf6 2. d4 d5 3. c4 e6 4. e3 Be7 5. Nc3 0-0 6. Ne5 b6 7. Be2 Bb7 8. 0-0 Nbd7 9. f4 Ne4 10. Nxe4 dxe4 11. Bd2 f6 12. Nxd7 Qxd7 13. Qc2 c5 14. Bc3 Bd6 15. Rad1 Qe7 16. f5 Rad8 17. fxe6 Qxe6 18. d5 Qe7 19. Bg4 Bc8 20. Bxc8 Rxc8 21. Rf5 g6 22. Rf2 f5 23. g3 Qg5 24. Re1 Rce8 25. Rg2 h5 26. Qa4 Qe7 27. a3 Qb7 28. Qb3 Rb8 29. Qc2 b5 30. cxb5 Qxb5 31. Qe2 c4 32. Qd2 Bc5 33. d6 Rf7 34. Ba5 Qc6 35. Bc7 Rb3 36. Rge2 Rd3 37. Qc1 Bxd6 38. Bxd6 Rxd6 39. Rc2 Rc7 40. Ree2 Qc5 41. b4 Qb5 42. Red2 Rd3 43. Rc3 Qd5 44. Rdxd3 exd3 45. Qd2 Re7 46. Rc1 Qe4 47. Kf2 g5 48. Re1 h4 49. gxh4 Qxh4+ 50. Kg1 Re4 51. Kh1 f4 52. Rg1 fxe3 53. Qc3 Qf4 54. Qa1 Qf3+ 55. Rg2 Rg4 0-1

[Event "Karvina op"]
[Site "Karvina"]
[Date "2006.07.??"]
[Round "3"]
[White "Marini, Jan"]
[Black "Zimniok, Lubomir"]
[Result "1/2-1/2"]
[WhiteElo "1918"]
[BlackElo "2114"]
[PlyCount "76"]
[EventDate "2006.07.??"]
[EventType "swiss"]
[EventRounds "7"]
[EventCountry "CZE"]
[SourceTitle "EXT 2008"]
[Source "ChessBase"]
[SourceDate "2007.11.25"]
[SourceVersion "1"]
[SourceVersionDate "2007.11.25"]
[SourceQuality "1"]

1. Nf3 Nf6 2. d4 d6 3. c4 g6 4. Nc3 Bg7 5. e4 0-0 6. Be2 e5 7. dxe5 dxe5 8. Qxd8 Rxd8 9. Bg5 Re8 10. Rd1 Na6 11. 0-0 h6 12. Bxf6 Bxf6 13. Nd5 Bd8 14. a3 c6 15. Nc3 Bg4 16. h3 Bxf3 17. Bxf3 Nc5 18. b4 Ne6 19. Rd7 Re7 20. Rfd1 Nd4 21. Rxe7 Bxe7 22. Ne2 Nxf3+ 23. gxf3 Kf8 24. f4 exf4 25. Nxf4 Ke8 26. Rd3 a5 27. c5 axb4 28. axb4 Ra1+ 29. Kg2 Rb1 30. Rd4 Bf6 31. Rc4 Rb3 32. e5 Bg5 33. e6 Bxf4 34. exf7+ Kxf7 35. Rxf4+ Ke6 36. Kf1 g5 37. Rd4 Kf5 38. h4 Ke5 1/2-1/2